000 00507nam a2200181Ia 4500
008 240729s9999 xx 000 0 und d
022 _a2090-1275
245 0 _aAnemia
260 _aUnited Kingdom
260 _bHindawi Limited
650 _a Diseases of the blood and blood-forming organs
650 _a Internal medicine
650 _a Specialties of internal medicine
650 _aMedicine
856 _uhttps://doaj.org/toc/97a1b1c87beb4ea2a087c6edb9a41a5d
942 _2ddc
942 _cDOAJEJ
999 _c71407
_d71407
945 _a1
_bMadushi Gamage
_c1
_dMadushi Gamage